000 00457nam a2200205Ia 4500
001 13146
003 GE_BSU
008 181216s||||||||xx |||||||||||||| ||und||
020 _a9780751552430
040 _cGE_BSU
080 _a821.111-32
100 _aHood,Evelyn.
245 4 _aThe shimmer of the herrinc.
260 _aLondon.
260 _bSphere.
260 _c2000
300 _a342p;18cm.
653 _aThe shimmer of the herrinc.
942 _cBK
999 _c46310
_d46310